000 00322nam a22001457a 4500
008 210427b ||||| |||| 00| 0 eng d
020 _a2900137034580
041 _aeng
080 _a37
082 _a37
100 _a46
101 _aEDU
245 _aEarly Childhood Education Today
_cMorrison,G.S
942 _2udc
_cBK
999 _c56845
_d56845